000 00705nam a2200241 i 4500
003 IT-RoINE
005 20200713055444.0
008 920725s1944 sp r | spa d
040 _aIT-RoINE
041 1 _aspa
100 1 _930721
_aMinucio Félix, Marco,
_dca. 150-250
245 1 3 _aEl Octavio /
_cMinucio Félix ; traducción, prólogo y notas de Santos de Domingo.
260 _aMadrid :
_bAspas,
_c1944.
300 _a148 p. ;
_c17 cm.
336 _2rdacontent
_atext
337 _2rdamedia
_aunmediated
338 _2rdacarrier
_avolume
490 1 _aColección excelsa ;
_v11
500 _aFecha tomada del lomo.
830 0 _938392
_aColección excelsa ;
_v11
942 _cMTS
956 _a1
999 _c19401
_d19401